| 000 | 00759nam a2200241 i 4500 | ||
|---|---|---|---|
| 001 | 124407 | ||
| 003 | ES-MaACL | ||
| 005 | 20250823102625.0 | ||
| 007 | t| | ||
| 008 | 070326s1928 sp ||||1| spa d | ||
| 080 | _a786.2 | ||
| 100 | 1 |
_aRiemann, Hugo. _997092 |
|
| 245 | 1 | 0 |
_aReducción al piano de la partitura de orquesta / _cHugo Riemann ; traducción directa del alemán por Antonio Ribera y Maneja. |
| 250 | _a[2ª ed.]. | ||
| 260 |
_aBarcelona : _bLabor, _c[1928] |
||
| 300 |
_a152 p. : _bmús. ; _c17 cm. |
||
| 490 | 1 |
_aColección Labor ; _v150 |
|
| 650 | 1 | 7 |
_aMúsica para piano _2embne _915415 |
| 700 | 1 |
_aRibera Maneja, Antonio. _996792 |
|
| 830 | 0 | 0 |
_aColección Labor _v150 _9184254 |
| 852 |
_aES-MaACL _jE-2675 |
||
| 999 |
_c124407 _d124407 |
||